The ethnography of moralities
Αποθηκεύτηκε σε:
| Άλλοι συγγραφείς: | |
|---|---|
| Μορφή: | Βιβλίο |
| Γλώσσα: | English |
| Δημοσίευση: |
London :
Routledge,
1997
|
| Σειρά: | European Association of Social Anthropologists (Series)
|
| Θέματα: | |
| Ετικέτες: |
Προσθήκη ετικέτας
Δεν υπάρχουν, Καταχωρήστε ετικέτα πρώτοι!
|
MARC
| LEADER | 00000cam a2200000 i 4500 | ||
|---|---|---|---|
| 001 | 1/3071 | ||
| 008 | 100113s1997 eng d | ||
| 020 | |a 0-415-13359-9 (pbk.) | ||
| 035 | |l 10106246 | ||
| 040 | |a GR-MY-UA |b gre |e aacr | ||
| 041 | 0 | |a eng | |
| 082 | 0 | |a 170 |2 (22) | |
| 245 | 1 | 4 | |a The ethnography of moralities / |c edited by Signe Howell |
| 260 | |a London : |b Routledge, |c 1997 | ||
| 300 | |a x, 234 σ.; |c 22 εκ. | ||
| 490 | 1 | |a European Association of Social Anthropologists | |
| 504 | |a Περιέχει βιβλιογραφικές παραπομπές και ευρετήριο | ||
| 650 | 0 | 0 | |a Ethics |x Cross-cultural studies. |
| 650 | 0 | 0 | |a Values |x Cross-cultural studies. |
| 700 | 1 | |a Howell, Signe. |4 edt | |
| 830 | 0 | |a European Association of Social Anthropologists (Series) | |
| 852 | |a INST |b LESVOS |e 20100113 |h 170 ETH |p 005100045855 |q 005100045855 |t BK |y 0 | ||
| 901 | |a BIBL1-2010-1 | ||
| 909 | |a Λ |b 160119 | ||
| 970 | |a ΓΙΑΛΑΜΑ |b ΜΑΡΙΑ |z 2010/01/13 | ||